Premier League Winners - Statistics

General Stats
  • This quiz has been taken 1,619 times
  • The average score is 18 of 22
Answer Stats
Year Winner % Correct
13-14 Manchester City
96%
12-13 Manchester United
93%
11-12 Manchester City
88%
09-10 Chelsea
87%
10-11 Manchester United
87%
08-09 Manchester United
86%
05-06 Chelsea
85%
07-08 Manchester United
85%
06-07 Manchester United
85%
03-04 Arsenal
84%
04-05 Chelsea
83%
02-03 Manchester United
83%
01-02 Arsenal
82%
00-01 Manchester United
81%
99-00 Manchester United
81%
98-99 Manchester United
81%
96-97 Manchester United
80%
97-98 Arsenal
79%
95-96 Manchester United
79%
92-93 Manchester United
75%
93-94 Manchester United
73%
94-95 Blackburn Rovers
63%
No matching quizzes found
Score Distribution
Percent of People with Each Score
Percentile by Number Answered
Your Score History
You have not taken this quiz